00319cam a22001097a 4500008004000000082001500040100001400055245007200069260002700141300001000168650003100178180718b1995 xxu||||| |||| 00| 0 eng d aA6x54 V44f aVas, E.A. aFools and infantrymen: one view of history (1923-1993)cby E.A. Vas aMeerutbKarikeyac1995 a297p. aIndia - History, 1923-1993